000 00465nab a22001457 4500
003 ES-SlBCS
005 20221209141620.0
008 171121s2017 sp ||||| |||| 00| 0 spa d
040 _aES-SlBCS
_bspa
041 _aspa
100 1 _aIlo, Stan Chu
_9111280
245 1 0 _aTeología y leteratura en el cristianismo africano: oyentes de la Palabra en África
_cStan Chu Ilo
773 0 _gNúm. 373, 2017, págs. 119-134
_tConcilium
_wRev134
_x0210-1041
942 _2lcc
_cAR
999 _c474322
_d474322